| 000 | 00688 a2200217 4500 | ||
|---|---|---|---|
| 999 |
_c3392 _d3392 |
||
| 020 | _a9780340771891 | ||
| 050 | _aQA 32.9 COM 2000 | ||
| 100 |
_aCompton, Chris _eautrhor |
||
| 245 |
_aDecision and deiscrete mathematics 1 _cChris Compton et. al. |
||
| 264 |
_aLondon : _bHodder and Stoughton _c2000 |
||
| 300 |
_aviii, 184p. : _bill. |
||
| 500 | _aIncludes index | ||
| 650 |
_aMathematicss _xProblems, exercises, |
||
| 650 | _a Computer science | ||
| 650 |
_a Mathematics _xProblems, exercise |
||
| 700 |
_aCompton, Chris _eauthor |
||
| 700 |
_aParramore, Keith _eauthor |
||
| 700 |
_aRigby, Geoff _eauthor |
||
| 700 |
_aStephens, Joan _eauthor |
||
| 942 |
_2lcc _cBK _e2nd _h39.2 _iCOM _kQA |
||